000 00428nam a22001577a 4500
005 20251108170138.0
008 250721s9999 xx 000 0 ara d
082 1 4 _aط/ق/هر
245 1 0 _aالهر الذكي /
264 1 _aطرابلس لبنان :
_bدار الشمال للنشر،
300 _a8ص : مص
490 0 _aحكايات جدتي
650 1 7 _aقصص الأطفال
942 _2ddc
_cBK
999 _c40818
_d40818